<?xml version="1.0" encoding="UTF-8"?>
<record
    xmlns:xsi="http://www.w3.org/2001/XMLSchema-instance"
    xsi:schemaLocation="http://www.loc.gov/MARC21/slim http://www.loc.gov/standards/marcxml/schema/MARC21slim.xsd"
    xmlns="http://www.loc.gov/MARC21/slim">

  <leader>00619nam a2200181   4500</leader>
  <controlfield tag="003">LK-CoDNM</controlfield>
  <controlfield tag="005">20231116142756.0</controlfield>
  <controlfield tag="008">231116b        |||||||| |||| 00| 0 eng d</controlfield>
  <datafield tag="020" ind1=" " ind2=" ">
    <subfield code="a">978624001555</subfield>
  </datafield>
  <datafield tag="040" ind1=" " ind2=" ">
    <subfield code="a">LK-CoDNM</subfield>
    <subfield code="d">LK-CoDNM</subfield>
    <subfield code="e">LK-CoDNM</subfield>
  </datafield>
  <datafield tag="041" ind1=" " ind2=" ">
    <subfield code="a">sin</subfield>
  </datafield>
  <datafield tag="080" ind1=" " ind2=" ">
    <subfield code="a">294.3</subfield>
    <subfield code="b">GOD</subfield>
  </datafield>
  <datafield tag="100" ind1=" " ind2=" ">
    <subfield code="a">&#xD9C;&#xDDC;&#xDA9;&#xD9C;&#xDDA;, &#xDAF;&#xDDA;&#xDC1;&#xDB6;&#xDB1;&#xDCA;&#xDAF;&#xDD4; &#xDC3;&#xDD2;&#xDBB;&#xDD2;&#xDC3;&#xDD4;&#xDB8;&#xDB1;</subfield>
    <subfield code="v">Godage , Deshabandu Sirisumana</subfield>
  </datafield>
  <datafield tag="245" ind1=" " ind2=" ">
    <subfield code="a">&#xDAF;&#xDD0;&#xDB1;&#xDA7; &#xDB6;&#xDD4;&#xDAF;&#xDD4;&#xDAF;&#xDC4;&#xDB8; &#xD8B;&#xD9C;&#xDB1;&#xDCA;&#xDC0;&#xDB1; &#xDC3;&#xDB8;&#xDC4;&#xDBB; &#xDB4;&#xDDC;&#xDAD;&#xDCA;&#xDC0;&#xDBD; &#xD87;&#xDAD;&#xDD2; &#xD85;&#xDA9;&#xDD4;&#xDB4;&#xDCF;&#xDA9;&#xDD4; </subfield>
  </datafield>
  <datafield tag="260" ind1=" " ind2=" ">
    <subfield code="a">Colombo </subfield>
    <subfield code="b">Godage </subfield>
    <subfield code="c">2021</subfield>
  </datafield>
  <datafield tag="300" ind1=" " ind2=" ">
    <subfield code="a">64p.,21cm</subfield>
  </datafield>
  <datafield tag="942" ind1=" " ind2=" ">
    <subfield code="n">0</subfield>
    <subfield code="c">BK</subfield>
  </datafield>
  <datafield tag="952" ind1=" " ind2=" ">
    <subfield code="0">0</subfield>
    <subfield code="1">0</subfield>
    <subfield code="4">0</subfield>
    <subfield code="7">0</subfield>
    <subfield code="a">MAIN</subfield>
    <subfield code="b">MAIN</subfield>
    <subfield code="d">2023-11-16</subfield>
    <subfield code="l">0</subfield>
    <subfield code="o">294.3 GOD</subfield>
    <subfield code="p">p45712</subfield>
    <subfield code="r">2023-11-16</subfield>
    <subfield code="w">2023-11-16</subfield>
    <subfield code="y">BK</subfield>
  </datafield>
  <datafield tag="999" ind1=" " ind2=" ">
    <subfield code="c">143387</subfield>
    <subfield code="d">143387</subfield>
  </datafield>
</record>
